|
|
|
|
| LEADER |
00972nab a2200265 i 4500 |
| 001 |
misc63607 |
| 005 |
20230111084158.0 |
| 008 |
220609s1960 hu o 0|| fre d |
| 022 |
|
|
|a 0001-6446
|
| 040 |
|
|
|a SZTE Miscellanea Repozitórium
|b hun
|
| 041 |
|
|
|a fre
|
| 041 |
|
|
|a und
|
| 041 |
|
|
|a mon
|
| 100 |
1 |
|
|a Ligeti Lajos
|
| 245 |
1 |
4 |
|a Les anciens éléments mongols dans le mandchou
|h [elektronikus dokumentum] /
|c Ligeti Lajos
|
| 260 |
|
|
|c 1960
|
| 300 |
|
|
|a 231-248
|c 23 cm
|
| 300 |
|
|
|a [18] p.
|c 23 cm
|
| 490 |
0 |
|
|a Acta Orientalia Academiae Scientiarum Hungaricae;Acta Orientalia Academiae Scientiarum Hungaricae : a Magyar Tudományos Akadémia orientalisztikai közleményei
|
| 561 |
|
|
|a Németh Gyula hagyaték
|
| 591 |
|
|
|a NOA 3233; NOA 3234
|
| 650 |
|
4 |
|a Bölcsészettudományok
|
| 650 |
|
4 |
|a Nyelvek és irodalom
|
| 695 |
|
|
|a Mandzsu nyelv - mongol jövevényszavak
|
| 856 |
4 |
0 |
|u http://misc.bibl.u-szeged.hu/63607/1/3233_noa_l66.pdf
|z Dokumentum-elérés
|